Přehled geologických a petrografických výzkumů Českomoravské vrchoviny a dolnorakouské Lesní čtvrti /

Main Author: Dudek, Arnošt, 1928-2021
Language: Czech
Published: Praha : Československá akademie věd, 1958
Edition: 1. vyd.
Series: Knihovna Ústředního ústavu geologického
Physical Description: 173, [2] s. : il., mapy ; 8°
Book
Saved in:
LEADER 01035nam a22002772a 4500
001 000247778
003 CZ BrMZK
005 20141202141935.0
007 ta
008 950101s1958 xr abf f cze d
015 |a cnb000682792 
035 |a (OCoLC)85460188 
040 |a ABA001  |b cze  |c KLG001  |d ABA001  |d BOA001 
100 1 |a Dudek, Arnošt,  |d 1928-2021  |7 jk01023239  |4 aut 
245 1 0 |a Přehled geologických a petrografických výzkumů Českomoravské vrchoviny a dolnorakouské Lesní čtvrti /  |c Arnošt Dudek 
250 |a 1. vyd. 
260 |a Praha :  |b Československá akademie věd,  |c 1958 
300 |a 173, [2] s. :  |b il., mapy ;  |c 8° 
490 1 |a Knihovna Ústředního ústavu geologického ;  |v sv. 33 
500 |a 880 výt. 
504 |a Obsahuje bibliografii, bibliografické odkazy a rejstřík 
830 0 |a Knihovna Ústředního ústavu geologického 
910 |a BOA001  |b 2-0404.815 
990 |a BK 
991 |b 201408 
996 6 |b 2619872322  |c 2-0404.815  |l MZK  |r Sklad / do 24 hodin  |n 8  |w 000247778  |u 000010  |a 1  |e BOA001  |j MZK50  |s P